000 00315nam a2200145Ia 4500
100 _aUniversity of Mumbai
650 _aCompendium
490 _v1
942 _cBK
245 _aCompendium Vol.1
260 _bUniversity of Mumbai
_c2009
082 _a378.155
_bUNI
546 _aENGLISH
_cComputers
999 _c18910
_d18910